000 01051nas a2200337 4500
001 BR0404856
003 BR-BrBNA
005 20231205104906.0
007 ta
008 230509b bl.|||p| |||| 00| 00por d
040 _aBR-BrBNA
_bpor
_cBiblioteca Nacional de Agricultura
041 _a(Pt)
072 _aF62; F50
100 1 _aCastro, E.M. de
100 1 _aPinto, J.E.B.P.
100 1 _aAlvarenga, A.A.
100 1 _aLima Júnior, É. de C.
100 1 _aBertolucci, S.K.V.
100 1 _aSilva Filho, J.L. da
100 1 _aVieira, C.V.
245 1 _aCrescimento e anatomia foliar de plantas jovens de Mikania glomerata Sprengel (Guaco)submetidas a diferentes fotoperíodos
650 _aGUACO
650 _aPLANTA MEDICINAL
650 _aANATOMIA VEGETAL
650 _aÁREA FOLIAR
650 _aFOTOPERIODISMO
650 _aCRESCIMENTO
773 0 _tCiência e Agrotecnologia (Brazil)
_xISSN 1413-7054
_g(Nov-Dec 2003), v. 27(6) p. 1293-1300
_wBR0404856
909 _a202311
_bLúcia
_c55
_dLúcia Elande
942 _2AGRIS
_n0
_cANA
999 _c180158
_d180158